O účinnosti vnútroštátnych prostriedkov nápravy z hľadiska judikatúry Európskeho súdu pre ľudské práva

Bibliographic Details
Main Author: Pecníková, Marica (Author)
Format: Article
Language:Slovak
ISSN:1335-6461
Subjects:

MARC

LEADER 00000nab a2200000 a 4500
001 vtls000885480
003 SK-MaSNL
005 20260304120154.0
008 250429c2004 xo 0 slo
015 |a SNBRB2004/09-27184 
035 |a CLN000236923 
035 |a urn:nbn:sk:snk-abtdp 
035 |a (urnnbn)urn:nbn:sk:snk:ar-003f6g 
035 |a (uuid)c7c8a23a-c783-4b30-864e-31b9656ab3cc 
040 |a SNKBUCL  |b slo  |c SNKBUCL  |e AACR2 
041 0 |a slo 
044 |a xo  |c SK 
080 |a 342.736  |2 1997 
100 1 |a Pecníková, Marica  |4 aut  |9 22354 
245 1 0 |a O účinnosti vnútroštátnych prostriedkov nápravy z hľadiska judikatúry Európskeho súdu pre ľudské práva  |c Marica Pecníková 
504 |a Bibliogr. odkazy 
650 0 7 |a sťažnosti  |x podávanie  |x prostriedky vnútroštátne  |2 snkbucl  |9 1423712 
655 7 |a články z novín a časopisov  |2 snkbucl  |9 267496 
773 0 |t Justičná revue  |g Roč. 56., č. 6-7 (2004), s. 713-732  |x 1335-6461 
850 |a Slovenská národná knižnica 
852 |a Slovenská národná knižnica 
954 |a odborná, vedecká literatúra pôvodná (slovenská)  |2 lita 
958 |a article27 
958 |a OND 
958 |a NB 
958 |a EUIPO 
992 |a RBX 
999 |c 2878921  |d 2880851